Pays d'Europe - Mort subite - Statistiques

Statistiques générales
  • Ce quiz a été pris 12 303 fois
    7 930 depuis la dernière actualisation
  • Le résultat moyen est 8 sur 19
Answers on the Grid
Answers color-coded by a green-red scale on the quiz's grid according to % correct below.
Albanie
Algérie
Arménie
Australie
Autriche
Azerbaïdjan
Biélorussie
Canada
Catalogne
Chypre
Cité du Vatican
Écosse
Egypte
Espagne
Estonie
Géorgie
Grèce
Inde
Iran
Islande
Israel
Italie
Kazakhstan
Liban
Malte
Maroc
Moldavie
Mongolie
Pologne
Portugal
Royaume-Uni
Russie
Serbie
Seychelles
Slovénie
Suède
Syrie
Turquie
Ukraine
 
Statistiques - réponses
Réponse % Correct
Albanie
89%
Autriche
82%
Biélorussie
55%
Grèce
52%
Pologne
51%
Espagne
46%
Malte
46%
Italie
45%
Serbie
45%
Portugal
43%
Royaume-Uni
35%
Suède
35%
Ukraine
35%
Cité du Vatican
34%
Estonie
34%
Slovénie
34%
Islande
31%
Moldavie
29%
Russie
28%
Aucun quiz correspondant
Distribution des résultats
% des personnes avec chaque résultat
Percentile par nombre de réponses
Votre historique - résultats
Vous n’avez pas pris ce quiz depuis la dernière actualisation